| 000 | 00458nam a22001697a 4500 | ||
|---|---|---|---|
| 005 | 20260311150922.0 | ||
| 008 | 260311b |||||||| |||| 00| 0 eng d | ||
| 020 | _a81-7758-776-5 | ||
| 041 | _aeng | ||
| 082 | _a658.408 PRA-F | ||
| 100 |
_aPRAHALAD, C.K. _91994 |
||
| 245 | _aTHE FORTUNE AT THE BOTTOM OF THE PYRAMID : Eradicating poverty through profits | ||
| 260 |
_aU K _bPEARSON POWER _c2005 |
||
| 300 | _a401;P | ||
| 650 | _aMANAGEMENT | ||
| 942 | _cBK | ||
| 999 |
_c9084 _d9082 |
||